Праздник отцов. Вперед, спокойно и прямо: романы; пер. с фр.

Detalles Bibliográficos
Autor Principal: Нурисье Ф. Франсуа
Outros autores: Уваров Ю. (автор предисловия)
Summary:Исключено из фонда НТБ ТПУ
Idioma:ruso
Publicado: Москва, Художественная литература, 1991
Formato: MixedMaterials Libro
KOHA link:https://koha.lib.tpu.ru/cgi-bin/koha/opac-detail.pl?biblionumber=161354

MARC

LEADER 00000nam0a2200000 4500
001 161354
005 20231031155901.0
010 |a 5280017647 
020 |a RU  |b 91-53776 
035 |a (RuTPU)RU\TPU\book\174969 
090 |a 161354 
100 |a 20090608d1991 m y0rusy5003 ca 
101 1 |a rus  |c fre 
102 |a RU 
105 |a y z 000ay 
200 1 |a Праздник отцов. Вперед, спокойно и прямо  |e романы  |e пер. с фр.  |f Ф. Нурисье  |g авт. предисл. Ю. Уваров 
210 |a Москва  |c Художественная литература  |d 1991 
215 |a 347,[2] с.  |d 20 см 
333 |a Исключено из фонда НТБ ТПУ 
675 |a 84  |z rus 
700 1 |a Нурисье  |b Ф.  |g Франсуа  |4 070 
702 1 |a Уваров  |b Ю.  |4 080 
801 0 |a RU  |b RuMRKP  |c 19950417  |g psbo 
801 1 |a RU  |b 63413507  |c 20090608  |g PSBO 
801 2 |a RU  |b 63413507  |c 20211216  |g PSBO 
942 |c BK